Sims 3 Recipe Meals - Statistics

General Stats
  • This quiz has been taken 63 times
  • The average score is 18 of 58
Answer Stats
Skill Level Answer % Correct
4 Spaghetti
86%
1 Pancakes
77%
3 Cookies
68%
0 Mac and Cheese
68%
0 Waffles
68%
2 Grilled Cheese
66%
4 Sushi
64%
10 Ambrosia
59%
0 Autumn Salad
57%
6 Hamburger
57%
0 Hot Dogs
57%
2 Goopy Carbonara
50%
9 French Toast
48%
1 Peanut Butter and Jelly
48%
10 Lobster Thermidor
43%
1 Ratatouille
43%
3 Fish and Chips
41%
4 Fruit Parfait
41%
5 Cheesesteak
39%
7 Key Lime Pie
39%
1 Chili con Carne
34%
5 Pumpkin Pie
34%
9 Stuffed Turkey
32%
5 Stu Surprise
32%
6 Cobbler
30%
9 Dim Sum
30%
1 Shawarma
30%
6 Stir-Fry
27%
10 Baked Angel Food Cake
25%
0 Tofu Dogs
25%
8 Tri-Tip Steak
25%
5 Falafel
23%
3 Frogs Legs
23%
8 Grilled Salmon
23%
1 Cheese Plate
20%
8 Crepes
20%
2 Egg Rolls
20%
7 Eggs Machiavellian
18%
4 Veggi Rolls
18%
3 Bouillabaisse
16%
5 Firecracker Shrimp
16%
5 Firecracker Tofu
16%
7 Porcini Risotto
14%
4 Spaghetti with Veggie Sauce
14%
1 Vegetarian Chili
14%
5 Cheese Tofu Steak
11%
5 Fried Peanut Butter & Banana Sandwich
11%
3 Hot and Sour Soup
11%
6 Aloo Masala Curry
9%
10 Ceviche
9%
2 Mushroom Omelette
9%
9 Potato and Truffle Torte
9%
8 Tri-Tip Tofu Steak
9%
9 Stuffed Tursoykey
7%
3 Vegetarian Fish & Chips
7%
10 Vegetarian Lobster Thermidor
7%
8 Vegetarian Grilled Salmon
5%
6 Veggi Burger
5%
No matching quizzes found
Score Distribution
Percent of People with Each Score
Percentile by Number Answered
Your Score History
You have not taken this quiz